000 00698nam a2200253Ia 4500
003 OSt
005 20221005050136.0
006 a|||||r|||| 00| 0
007 ta
008 221004b |||||||| |||| 00| 0 ben d
020 _a81904087BX (hbk)
024 _a22735
037 _bGift, 09/10/2015,
_cTextual
040 _aCRL
_cCRL
_bben
041 _2ben
_aben
082 _aO111,3NBO,GH, 157P9
100 _aBom Vicky
_9402721
245 0 _aGrand hotel
260 _aKolkatta
_bDey's Pub. India
_c2009
300 _a200p.
_ccm.
650 _aENGLISH LITERATURE
942 _hO111,3NBO,GH, 157P9
_cTEXL
_2cc
999 _c956414
_d956414